000 00275nam a2200109Ia 4500
008 220204s9999 xx 000 0 und d
082 _a612
_bLAN
245 0 _aHomeostasis: Origins of the concept
260 _aStroudsburg
_bDowden
_c1973
700 _aLangley, L L
942 _cBK
999 _c29708
_d29708